000 00714cam a2200241 4500
001 ABS62587
008 000000n2000 000 0 eng u
035 _a(Sirsi) u107551
245 _aFocus 2000: West End
260 _c2000
490 _aEstates Gazette
_v(0026) 1 July 2000, 87-115(18)
590 _aABS
650 _aWESTMINSTER
650 _aOXFORD STREET
650 _aVICTORIA
650 _aMAYFAIR
650 _aPROPERTY-COMMERCIAL PROPERTY-OFFICE PROPERTY-OFFICE PROPERTY MARKET
650 _aPROPERTY-COMMERCIAL PROPERTY-RETAIL PROPERTY-RETAIL PROPERTY MARKET
650 _aST JAMES
650 _aSOHO
690 _aPROPERTY-COMMERCIAL PROPERTY-COMMERCIAL PROPERTY MARKET
942 _n0
999 _c64282
_d64282